000 00387nam a2200133Ia 4500
005 20260326100033.0
008 260326s9999||||xx |||||||||||||| ||und||
100 _aOrdeig Corsini, Jose María
245 0 _aDiseño Urbano y Pensamiento Contemporáneo /
_cJose María Ordeig Corsini
260 _bInstituto Monsa de Ediciones
300 _a347 p.
650 _aDISEÑO URBANO
942 _cBK
999 _c6703
_d6703